Library of the University of Algiers 3
Ibrahim Sultan Cheibout
شعار جامعة الجزائر 3
مكتبة جامعة الجزائر 3
إبراهيم سلطان شيبوط

حيازة التكنولوجيا المستوردة من اجل التنمية الصناعية : (رقم التسجيلة. 44934)

تفاصيل مارك
000 -LEADER
fixed length control field 01764nam a2200229Ia 4500
003 - CONTROL NUMBER IDENTIFIER
control field Ost
005 - DATE AND TIME OF LATEST TRANSACTION
control field 20260507075552.0
008 - FIXED-LENGTH DATA ELEMENTS--GENERAL INFORMATION
fixed length control field 260507s9999||||xx |||||||||||||| ||und||
040 ## - CATALOGING SOURCE
Transcribing agency fsecg
041 ## - LANGUAGE CODE
Language code of text/sound track or separate title ara
082 ## - DEWEY DECIMAL CLASSIFICATION NUMBER
Classification number 200
100 ## - MAIN ENTRY--PERSONAL NAME
Personal name فرهنك، جلال
Relator term مؤلف
245 #0 - TITLE STATEMENT
Title حيازة التكنولوجيا المستوردة من اجل التنمية الصناعية :
Remainder of title مشكلات الاستراتيجية و الادارة في الوطن العربي الحلقة الدراسية التي نظمتها اللجنة الاقتصادية و الاجتماعية لغربي آسيا التابعة للأمم المتحدة بالاشتراك مع نظام الأمم المتحدة لتمويل العلم و التكنولوجيا من أجل التنمية /
Statement of responsibility, etc. جلال فرهنك
260 ## - PUBLICATION, DISTRIBUTION, ETC.
Place of publication, distribution, etc. بيروت:
Name of publisher, distributor, etc. مركز دراسات الوحدة العربية,
Date of publication, distribution, etc. 1987
300 ## - PHYSICAL DESCRIPTION
Extent 250 صفحة؛
Other physical details إيضاحات ؛
Dimensions 24 سم
504 ## - BIBLIOGRAPHY, ETC. NOTE
Bibliography, etc. note جداول ص.9
520 ## - SUMMARY, ETC.
Summary, etc. منظور استراتيجي لواردات التكنولوجيا و منظورات وطنية عن حيازة التكنولوجيا الصناعية في المنطقة العربية اضافة الى حيازة التكنولوجيا في مشروعات استثمار صناعي رئيسية, تنمية القدرات التكنولوجية و التغيير التقني المتواصل في المشروعات القائمة و في الاخير خلاصات حول الاستراتيجية و التنمية التكنولوجية و الصناعية في المنطقة العربية .
653 ## - INDEX TERM--UNCONTROLLED
Uncontrolled term التنمية الصناعية
653 ## - INDEX TERM--UNCONTROLLED
Uncontrolled term حيازة
700 ## - ADDED ENTRY--PERSONAL NAME
Personal name عميرة، محمد وآخرون
Relator term مؤلف ثانوي
942 ## - ADDED ENTRY ELEMENTS (KOHA)
Koha item type كتب
المقتنيات
Withdrawn status Lost status Source of classification or shelving scheme Damaged status Not for loan Home library Current library Date acquired Serial enumeration / chronology Inventory number Total checkouts Full call number Barcode Date last seen Price effective from Koha item type
    Dewey Decimal Classification   NOT LOAN / إعارة داخلية مكتبة كلية العلوم الإقتصادية والعلوم التجارية وعلوم التسيير مكتبة كلية العلوم الإقتصادية والعلوم التجارية وعلوم التسيير 07/05/2026 الطابق الأرضي 2202/1   أ/2202ن1 2202/1 07/05/2026 07/05/2026 كتب
    Dewey Decimal Classification   Available مكتبة كلية العلوم الإقتصادية والعلوم التجارية وعلوم التسيير مكتبة كلية العلوم الإقتصادية والعلوم التجارية وعلوم التسيير 07/05/2026 الطابق الأرضي 2202/2   أ/2202ن2 2202/2 07/05/2026 07/05/2026 كتب
    Dewey Decimal Classification   Available مكتبة كلية العلوم الإقتصادية والعلوم التجارية وعلوم التسيير مكتبة كلية العلوم الإقتصادية والعلوم التجارية وعلوم التسيير 07/05/2026 الطابق الأرضي 2202/3   أ/2202ن3 2202/3 07/05/2026 07/05/2026 كتب
    Dewey Decimal Classification   Available مكتبة كلية العلوم الإقتصادية والعلوم التجارية وعلوم التسيير مكتبة كلية العلوم الإقتصادية والعلوم التجارية وعلوم التسيير 07/05/2026 الطابق الثاني 2202/4   أ/2202ن4 2202/4 07/05/2026 07/05/2026 كتب
    Dewey Decimal Classification   Available مكتبة كلية العلوم الإقتصادية والعلوم التجارية وعلوم التسيير مكتبة كلية العلوم الإقتصادية والعلوم التجارية وعلوم التسيير 07/05/2026 الطابق الثاني 2202/5   أ/2202ن5 2202/5 07/05/2026 07/05/2026 كتب

موارد الويب المفتوحة


© University of Algiers 3 All Rights Reserved
|
Implemented by LECHELAH Riad